000 01103nam a22003257a 4500
001 BR6900065
003 BR-BrBNA
005 20230928083528.0
007 ta
008 230509b bl.||||| |||| 00| 0 por d
040 _aBR-BrBNA
_bpor
_cBiblioteca Nacional de Agricultura
041 _a(Por)
072 _aL20
_b5214
_b5213
_b/G514
090 _ 5214 BR6900065
100 1 _aMilagres, J.C.
110 1 _aUniversidade Federal de Vicosa, MG (Brasil)
_0Tese (Magister Scientiae)
245 1 _aDiferencas de reacoes entre novilhas zebus e mesticas holandesas-zebus a condicoes climaticas de leopoldina, Minas Gerais [Brasil]
260 3 _aVicosa, MG (Brasil):
_c1969.
300 _a148 p.
500 _a75 tables; 12 graphs; Bibliography p. 102-107 (62 ref.); Summary (Por). (*) Documento disponível na(o) Universidade Federal de Vicosa, MG (Brazil)
650 _aEcologia animal
650 _aGado zebu
650 _aGado holandes
650 _aGado mestico
650 _aNovilho
650 _aClima
650 _aMinas Gerais
909 _a202309
_bLucia
_c55
_dLucia Elande
942 _cBK
999 _c13990
_d13990